| 000 | 00352nam a22001337a 4500 | ||
|---|---|---|---|
| 003 | OSt | ||
| 005 | 20231127223647.0 | ||
| 008 | 231127b |||||||| |||| 00| 0 eng d | ||
| 040 | _cCO-JMCR | ||
| 082 |
_aA - N _bMAHB1 |
||
| 100 |
_aMahurin, Shelby _eAutor _942981 |
||
| 245 |
_aAsesino de brujas: _bLa bruja blanca / _cShelby Mahurin |
||
| 942 |
_2ddc _cBK |
||
| 999 |
_c30392 _d16776 |
||